Melita Palma / (Record no. 163546)

MARC details
000 -LEADER
campo de control de longitud fija 00804nam a2200217 i 4500
001 - NÚMERO DE CONTROL
campo de control 163546
003 - IDENTIFICADOR DE NÚMERO DE CONTROL
campo de control ES-MaACL
005 - FECHA Y HORA DE LA ÚLTIMA TRANSACCIÓN
campo de control 20251108134755.0
008 - DATOS DE LONGITUD FIJA--INFORMACIÓN GENERAL
campo de control de longitud fija 991220q1890 sp af |||| | spa d
100 1# - ENTRADA PRINCIPAL--NOMBRE DE PERSONA
Nombre de persona Ríos, Blanca de los,
Fechas asociadas al nombre 1859-1956
9 (RLIN) 97357
245 10 - MENCIÓN DEL TÍTULO
Título Melita Palma /
Mención de responsabilidad, etc. Blanca de los Ríos.
260 ## - PUBLICACIÓN, DISTRIBUCIÓN, ETC.
Lugar de publicación, distribución, etc. Madrid :
Nombre del editor, distribuidor, etc. B. Rodriguez Serra,
Fecha de publicación, distribución, etc. [ca. 1890] (
Fabricante Imp. de Antonio Marzo)
300 ## - DESCRIPCIÓN FÍSICA
Extensión 108 p. :
Otras características físicas il. ;
Dimensiones 14 cm.
490 1# - MENCIÓN DE SERIE
Mención de serie Biblioteca Mignon ;
Designación de volumen o secuencia 17
500 ## - NOTA GENERAL
Nota general Retrato de la autora.
596 ## - NOTA AL PIE DE IMPRENTA
NOTA AL PIE DE IMPRENTA Bernardo Rodriguez Serra ejerció en Madrid aprox. 1891-1901.
700 1# - ENTRADA AGREGADA--NOMBRE PERSONAL
Nombre de persona Cabrera y Miró,
Títulos y otros términos asociados al nombre ilustrador
9 (RLIN) 33322
830 0# - PUNTO DE ACCESO ADICIONAL DE SERIE-TÍTULO UNIFORME
Título uniforme Biblioteca Mignon ;
Designación de volumen o secuencia 17
9 (RLIN) 186216
852 ## - LOCALIZACIÓN
Ubicación ES-MaACL
Número de control de estantería F-1200(1)
Nota libre - Enc. pasta española conservando cub. original
Holdings
Estatus retirado Estado de pérdida Estado de daño No para préstamo Colección Biblioteca de origen Biblioteca actual Ubicación en estantería Fecha de adquisición Fuente de adquisición Total de préstamos Signatura topográfica completa Código de barras Visto por última vez Precio de reemplazo Tipo de ítem Koha
        Libros del s. XIX Biblioteca del Ateneo de Madrid Biblioteca del Ateneo de Madrid Sala Pecera Planta 2 17/01/2008     F-1200(1) 1171378 23/02/2023 23/02/2023 Libro impreso antiguo